[Event "ODJM B 2016"]
[Site "Willingen GER"]
[Date "2016.05.15"]
[Round "2"]
[White "Funke, Maximilian"]
[Black "Meusel, Johannes"]
[Result "1-0"]
[Termination "normal"]
[Board "47"]
[WhiteElo "1190"]
[BlackElo "915"]
[PlyCount "101"]
[WhiteFideId "16251989"]
[BlackFideId "16244893"]
[EventCountry "GER"]
[EventRounds "9"]
[EventType "swiss"]
[EventDate "2016.05.14"]

1. e4 e5 2. Nf3 Nc6 3. Bc4 Nf6 4. d3 Bc5 5. O-O d6 6. h3 Bd7 7. Nc3 Qe7 8. Bg5
h6 9. Bxf6 gxf6 10. Nd5 Qd8 11. Nd2 Rg8 12. Qh5 Rg6 13. Kh1 Nd4 14. c3 Ne6 15.
b4 Bb6 16. a4 a6 17. Nxb6 cxb6 18. Nf3 Nf4 19. Qh4 Nxg2 20. Qh5 Qc8 21. Kh2 Nf4
22. Qh4 Bxh3 23. Rg1 Bg2 24. Ne1 Qh3+ 25. Qxh3 Bxh3 26. Rxg6 fxg6 27. Nf3 Bg4
28. Nh4 g5 29. Ng2 b5 30. axb5 h5 31. Nxf4 exf4 32. bxa6 bxa6 33. Bxa6 Bc8 34.
Bb5+ Ke7 35. Rxa8 Bg4 36. Rh8 h4 37. Re8+ Kf7 38. Bc6 Be6 39. b5 g4 40. Rh8 Kg7
41. Rxh4 Kg6 42. b6 Bc8 43. Rh8 Ba6 44. Ra8 Bxd3 45. b7 Bxe4 46. Bxe4+ Kg5 47.
b8=Q d5 48. Qb5 Kh4 49. Rh8+ Kg5 50. Qxd5+ f5 51. Qxf5# 1-0

[Event "ODJM B 2016"]
[Site "Willingen GER"]
[Date "2016.05.15"]
[Round "2"]
[White "Ibrahim, Luisa"]
[Black "Kalina, Lena"]
[Result "0-1"]
[Termination "normal"]
[Board "48"]
[WhiteElo "916"]
[BlackElo "1410"]
[PlyCount "120"]
[WhiteFideId "12993930"]
[BlackFideId "12988014"]
[EventCountry "GER"]
[EventRounds "9"]
[EventType "swiss"]
[EventDate "2016.05.14"]

1. e4 g6 2. Nf3 Bg7 3. Bc4 c6 4. Ng5 e6 5. O-O Qxg5 6. d4 Qd8 7. Re1 d5 8. exd5
cxd5 9. Bb5+ Bd7 10. Bxd7+ Nxd7 11. Nc3 Ne7 12. Bg5 Nb6 13. Bxe7 Qxe7 14. a4 a5
15. Ra3 O-O 16. Rb3 Qd6 17. Nb5 Qc6 18. Rc3 Qd7 19. Rc7 Qd8 20. Rxb7 Nc4 21.
Nc7 Rb8 22. Rxb8 Qxb8 23. Nb5 Nxb2 24. Qb1 Nxa4 25. Qb3 Nb6 26. Ra1 Qf4 27. Rd1
Nc4 28. Qf3 Qxf3 29. gxf3 a4 30. c3 a3 31. Ra1 Ra8 32. Kf1 Nd2+ 33. Ke2 Nb3 34.
Rxa3 Rxa3 35. Nxa3 Bh6 36. Kd3 Nc1+ 37. Kc2 Kg7 38. h4 Kf6 39. Kd1 Nd3 40. Ke2
Nf4+ 41. Kf1 Nd3 42. Nc2 e5 43. Ne3 exd4 44. cxd4 Ke6 45. Ng4 Bg7 46. Ke2 Nf4+
47. Ke3 Ng2+ 48. Kd3 Nxh4 49. f4 Nf5 50. Ne5 Bh6 51. Nc6 Bxf4 52. Nd8+ Ke7 53.
Nc6+ Kd6 54. Nd8 f6 55. Nf7+ Ke7 56. Nh8 Kf8 57. f3 Kg8 58. Nxg6 hxg6 59. Kc3
Bd6 60. Kd3 Kf7 0-1

[Event "ODJM B 2016"]
[Site "Willingen GER"]
[Date "2016.05.15"]
[Round "2"]
[White "Parma, Lea"]
[Black "Nagel, Philipp"]
[Result "1/2-1/2"]
[Termination "normal"]
[Board "49"]
[WhiteElo "1170"]
[BlackElo "873"]
[PlyCount "67"]
[WhiteFideId "16222377"]
[BlackFideId "12994715"]
[EventCountry "GER"]
[EventRounds "9"]
[EventType "swiss"]
[EventDate "2016.05.14"]

1. d4 d5 2. Bf4 c5 3. Nf3 Nf6 4. h3 Nc6 5. e3 e6 6. c4 Qa5+ 7. Nbd2 Ne4 8. dxc5
Bxc5 9. Bd3 Nxd2 10. Nxd2 Bb4 11. cxd5 Bxd2+ 12. Qxd2 Qxd2+ 13. Kxd2 exd5 14.
e4 Be6 15. exd5 Bxd5 16. Rhe1+ Kf8 17. Be4 Ne7 18. Bd6 Bxe4 19. Rxe4 Re8 20.
Rae1 Rd8 21. Rd4 Re8 22. Ke2 h5 23. Kf3 Rh6 24. Ba3 Rf6+ 25. Rf4 Rxf4+ 26. Kxf4
f6 27. Re4 Kf7 28. Bxe7 Rxe7 29. Rxe7+ Kxe7 30. Kf5 Kf7 31. g4 g6+ 32. Kf4 g5+
33. Kf5 h4 34. f3 1/2-1/2

[Event "ODJM B 2016"]
[Site "Willingen GER"]
[Date "2016.05.15"]
[Round "2"]
[White "Reuter, Marek"]
[Black "Bakalarz, Adrian"]
[Result "1-0"]
[Termination "normal"]
[Board "51"]
[WhiteElo "1152"]
[BlackElo "865"]
[PlyCount "105"]
[WhiteFideId "16226712"]
[BlackFideId "12955809"]
[EventCountry "GER"]
[EventRounds "9"]
[EventType "swiss"]
[EventDate "2016.05.14"]

1. e4 d5 2. exd5 c6 3. dxc6 Nxc6 4. Nf3 e5 5. Bb5 Bd6 6. O-O Nf6 7. Nc3 e4 8.
Re1 O-O 9. Nxe4 Nxe4 10. Rxe4 Bf5 11. Bxc6 Bxe4 12. Bxe4 Qe7 13. d3 Rae8 14.
Bg5 f6 15. Bd5+ Kh8 16. Be3 f5 17. Qd2 f4 18. Bxa7 Bc5 19. Bxc5 Qxc5 20. Bxb7
Qb6 21. Be4 Qxb2 22. Qc1 Qxc1+ 23. Rxc1 Re6 24. Ng5 Rb6 25. Nxh7 Rfb8 26. f3
Rb2 27. Ng5 Rxa2 28. Ne6 Kg8 29. Bd5 Ra5 30. Nxf4+ Kf8 31. Ng6+ Ke8 32. Re1+
Kd7 33. Bb3 Rb6 34. Ne5+ Kd6 35. Nc4+ Kc5 36. Re5+ Kc6 37. Nxa5+ Kd6 38. Nc4+
Kc6 39. Nxb6 Kxb6 40. Kf2 Kc6 41. Rd5 Kb6 42. Ke3 Kc6 43. Kf4 g5+ 44. Ke5 Kc7
45. Rd6 Kc8 46. Ke6 Kc7 47. Ke7 Kc8 48. Rd7 Kb8 49. Kd6 Kc8 50. Kc6 Kb8 51. Kb6
Kc8 52. Be6 Kb8 53. Rd8# 1-0

[Event "ODJM B 2016"]
[Site "Willingen GER"]
[Date "2016.05.15"]
[Round "2"]
[White "Fuhrmann, Elias"]
[Black "Reuker, Ronja"]
[Result "0-1"]
[Termination "normal"]
[Board "52"]
[WhiteElo "909"]
[BlackElo "1132"]
[PlyCount "86"]
[WhiteFideId "36098353"]
[BlackFideId "12947172"]
[EventCountry "GER"]
[EventRounds "9"]
[EventType "swiss"]
[EventDate "2016.05.14"]

1. e4 e5 2. Nf3 Nc6 3. d4 exd4 4. Nxd4 Nf6 5. Nc3 Bb4 6. Bd3 Nxd4 7. Be3 Nc6 8.
O-O O-O 9. a3 Be7 10. Qf3 Ne5 11. Qg3 Ng6 12. e5 Ne8 13. Bxg6 fxg6 14. Nd5 Bh4
15. Qg4 d6 16. e6 Rf5 17. Qe4 Re5 18. e7 Bxe7 19. Nxe7+ Qxe7 20. Qc4+ Be6 21.
Qb4 b6 22. Bd4 c5 23. Qc3 cxd4 24. Qxd4 Rc8 25. c3 Bf5 26. Rad1 Re2 27. Rd2
Rxd2 28. Qxd2 Nf6 29. Re1 Qd7 30. Qd1 Re8 31. Rxe8+ Qxe8 32. h3 Qe6 33. Qf3 Be4
34. Qf4 Qd5 35. f3 Qc5+ 36. Kh2 Bc6 37. Kg3 Nh5+ 38. Kg4 Nxf4 39. Kxf4 Qe5+ 40.
Kg4 Bd7+ 41. Kh4 Qf4+ 42. g4 g5+ 43. Kh5 Be8# 0-1

[Event "ODJM B 2016"]
[Site "Willingen GER"]
[Date "2016.05.15"]
[Round "2"]
[White "Arndt, Lena"]
[Black "Ibrahim, Ben"]
[Result "1-0"]
[Termination "normal"]
[Board "53"]
[WhiteElo "1124"]
[BlackElo "834"]
[PlyCount "59"]
[WhiteFideId "16262476"]
[BlackFideId "12993921"]
[EventCountry "GER"]
[EventRounds "9"]
[EventType "swiss"]
[EventDate "2016.05.14"]

1. e4 e5 2. Nf3 Nc6 3. Bc4 Bc5 4. d3 h6 5. O-O Nf6 6. Nc3 O-O 7. Be3 Bb6 8. Re1
d6 9. h3 Be6 10. Nd5 Bxd5 11. Bxd5 Nxd5 12. exd5 Nb4 13. c4 Ba5 14. Re2 c6 15.
dxc6 Nxc6 16. Bd2 Bxd2 17. Qxd2 Rc8 18. b3 Re8 19. Rae1 a5 20. d4 e4 21. Rxe4
Rxe4 22. Rxe4 Nb4 23. d5 Qf6 24. a3 Qa1+ 25. Qe1 Qxa3 26. Nd4 Nd3 27. Qc3 Nc5
28. Rg4 Re8 29. Nb5 Qxb3 30. Qxg7# 1-0

[Event "ODJM B 2016"]
[Site "Willingen GER"]
[Date "2016.05.15"]
[Round "2"]
[White "Klonov, Sofia"]
[Black "Maul, Maik"]
[Result "0-1"]
[Termination "normal"]
[Board "54"]
[WhiteElo "866"]
[BlackElo "1354"]
[PlyCount "96"]
[WhiteFideId "16226240"]
[BlackFideId "16204816"]
[EventCountry "GER"]
[EventRounds "9"]
[EventType "swiss"]
[EventDate "2016.05.14"]

1. e4 e5 2. Nf3 Nf6 3. Nxe5 Qe7 4. Nf3 Nxe4 5. Qe2 Nf6 6. Nc3 Nc6 7. d4 d5 8.
Bg5 Be6 9. Qd1 Bf5+ 10. Be2 Nb4 11. O-O Bxc2 12. Qd2 Bf5 13. Bb5+ Bd7 14. Rfe1
Ne4 15. Nxe4 c6 16. a3 f6 17. Nc5 cxb5 18. Rxe7+ Bxe7 19. axb4 fxg5 20. Nxg5
Bd6 21. Re1+ Kf8 22. Nxd7+ Kg8 23. Re3 Rc8 24. Qe2 Rc1+ 25. Qe1 Rxe1+ 26. Rxe1
g6 27. Re8+ Kg7 28. Ne6+ Kf7 29. Rxh8 Kxe6 30. Rd8 Be7 31. Nf8+ Kf7 32. Rb8
Bxf8 33. Rxb7+ Ke6 34. Rxb5 a6 35. Rb6+ 35... Kf5 { Abwartezug, da der naechste
weisse Zug fehlt} 36. h3 Ke4 37. Re6+ Kxd4 38. f4 Kd3 39. f5 d4 40. Re8 Bxb4
41. f6 Kc2 42. f7 d3 43. f8=Q Bxf8 44. Rc8+ Kxb2 45. Rxf8 d2 46. Rf2 Kc1 47.
Rf1+ d1=Q 48. Rxd1+ 48... Kxd1 { Rest nicht nachvollziehbar} 0-1

[Event "ODJM B 2016"]
[Site "Willingen GER"]
[Date "2016.05.15"]
[Round "2"]
[White "Müller, Lenny William"]
[Black "Wilmink, Luca"]
[Result "1-0"]
[Termination "normal"]
[Board "55"]
[WhiteElo "1100"]
[BlackElo "817"]
[PlyCount "91"]
[WhiteFideId "16272811"]
[BlackFideId "16245253"]
[EventCountry "GER"]
[EventRounds "9"]
[EventType "swiss"]
[EventDate "2016.05.14"]

1. e4 e5 2. Nf3 Nf6 3. Nc3 Nc6 4. Bc4 Bc5 5. O-O d6 6. h3 Be6 7. Bxe6 fxe6 8.
d3 Qe7 9. Bg5 O-O-O 10. Qe2 h6 11. Bxf6 Qxf6 12. a3 h5 13. b4 Bd4 14. Nxd4 exd4
15. b5 Ne5 16. Na4 b6 17. Nb2 g5 18. Nc4 Nxc4 19. dxc4 c5 20. bxc6 g4 21. c5
dxc5 22. Qa6+ Kc7 23. Qb7+ Kd6 24. Rfe1 e5 25. c7 Rc8 26. Qxa7 Rxc7 27. Qxb6+
Rc6 28. Qb7 gxh3 29. c3 Qg6 30. g3 h4 31. Kh2 hxg3+ 32. fxg3 Qg4 33. Qf7 Rg8
34. Rg1 Qe2+ 35. Kh1 Rcc8 36. Qf6+ Kd7 37. Qf7+ Kd6 38. Qd5+ Kc7 39. Qxc5+ Kd7
40. Qd5+ Kc7 41. Qxe5+ Kc6 42. Qe6+ Kc7 43. Rab1 Rgf8 44. Qe5+ Kd7 45. Rb7+ Kc6
46. Qd5# 1-0

[Event "ODJM B 2016"]
[Site "Willingen GER"]
[Date "2016.05.15"]
[Round "2"]
[White "Altgelt, Helene"]
[Black "Semukhin, Sophia"]
[Result "1/2-1/2"]
[Termination "normal"]
[Board "58"]
[WhiteElo "817"]
[BlackElo "1087"]
[PlyCount "84"]
[WhiteFideId "16232020"]
[EventCountry "GER"]
[EventRounds "9"]
[EventType "swiss"]
[EventDate "2016.05.14"]

1. e4 e5 2. Nf3 Nc6 3. d4 exd4 4. Nxd4 Qe7 5. Nc3 Qd6 6. Be3 Nf6 7. Bc4 Nxd4 8.
Qxd4 Qxd4 9. Bxd4 Bb4 10. e5 Bxc3+ 11. Bxc3 Ne4 12. O-O Nxc3 13. bxc3 O-O 14.
Rfe1 d6 15. exd6 cxd6 16. Rad1 Rd8 17. Rxd6 Bf5 18. Red1 Rxd6 19. Rxd6 Re8 20.
h3 Bxc2 21. Rd7 Rf8 22. Rxb7 a5 23. g4 h6 24. h4 g6 25. Rb5 Re8 26. Rxa5 Re4
27. Bb3 Rxg4+ 28. Kf1 Bd3+ 29. Ke1 Rxh4 30. Ra7 Re4+ 31. Kd2 Bc4 32. Bxc4 Rxc4
33. Ra8+ Kg7 34. a4 h5 35. a5 Ra4 36. Kc2 h4 37. Kb3 Ra1 38. Kb2 Ra4 39. Kb3
Re4 40. a6 h3 41. a7 h2 42. Rh8 h1=Q 1/2-1/2

[Event "ODJM B 2016"]
[Site "Willingen GER"]
[Date "2016.05.17"]
[Round "5"]
[White "Haase, Dominik"]
[Black "Müller, Marvin"]
[Result "1-0"]
[Termination "normal"]
[Board "1"]
[WhiteElo "1468"]
[BlackElo "1480"]
[PlyCount "69"]
[WhiteFideId "16208781"]
[BlackFideId "16214528"]
[EventCountry "GER"]
[EventRounds "9"]
[EventType "swiss"]
[EventDate "2016.05.14"]

1. d4 Nf6 2. c4 e6 3. Nf3 Bb4+ 4. Bd2 Bxd2+ 5. Nbxd2 d6 6. e3 O-O 7. Bd3 c5 8.
dxc5 dxc5 9. Ne4 b6 10. Nxf6+ Qxf6 11. Be4 Nc6 12. Bxc6 Rb8 13. Qc2 Ba6 14. O-O
Bc8 15. b3 Rd8 16. Rad1 Rxd1 17. Rxd1 Bb7 18. Bxb7 Rxb7 19. Qd2 Rb8 20. Ne5 Rc8
21. Qd7 Rf8 22. Nc6 h6 23. h3 Ra8 24. Qb7 Re8 25. Qxa7 Kh7 26. Qxb6 g5 27. Qxc5
Rg8 28. Qe7 Qg7 29. Rd8 Qa1+ 30. Kh2 Rg7 31. a4 Qb2 32. Qd6 g4 33. Qd3+ Rg6 34.
Qd4 Qxd4 35. exd4 1-0

[Event "ODJM B 2016"]
[Site "Willingen GER"]
[Date "2016.05.17"]
[Round "5"]
[White "Reyher, Susan"]
[Black "Rachor, Felix"]
[Result "1/2-1/2"]
[Termination "normal"]
[Board "2"]
[WhiteElo "1761"]
[BlackElo "1580"]
[PlyCount "95"]
[WhiteFideId "24686107"]
[BlackFideId "16200209"]
[EventCountry "GER"]
[EventRounds "9"]
[EventType "swiss"]
[EventDate "2016.05.14"]

1. e4 c5 2. Nf3 d6 3. d4 cxd4 4. Nxd4 Nf6 5. Nc3 a6 6. Be2 e6 7. O-O b5 8. a3
Bb7 9. Bd3 Nbd7 10. f4 Be7 11. Qe1 Qc7 12. Qg3 Nh5 13. Qh3 Nhf6 14. Bd2 Nf8 15.
Rae1 Bc8 16. e5 Ng8 17. Be4 Bb7 18. Qf3 Bxe4 19. Qxe4 d5 20. Qf3 Bc5 21. Be3
Qa7 22. Qf2 Nh6 23. h3 Bxd4 24. Bxd4 Qb7 25. g4 g6 26. Qh4 Ng8 27. Rf3 h5 28.
Ref1 Qe7 29. Qxe7+ Nxe7 30. Bc5 Nd7 31. Bf2 Rc8 32. Rc1 g5 33. Re1 gxf4 34.
Rxf4 Ng6 35. Rb4 Ngxe5 36. Kg2 Rc4 37. Rxc4 dxc4 38. Bd4 f6 39. g5 Rg8 40. Ne4
Ke7 41. h4 Ng4 42. Bc5+ Nxc5 43. Nxc5 Ne5 44. Nxa6 Kd6 45. Rd1+ Kc6 46. Nb4+
Kc7 47. Na6+ Kc6 48. Nb4+ 1/2-1/2

[Event "ODJM B 2016"]
[Site "Willingen GER"]
[Date "2016.05.17"]
[Round "5"]
[White "Leib, Amina"]
[Black "Wu, Erik"]
[Result "0-1"]
[Termination "normal"]
[Board "4"]
[WhiteElo "1510"]
[BlackElo "1462"]
[PlyCount "28"]
[WhiteFideId "12982970"]
[BlackFideId "12977489"]
[EventCountry "GER"]
[EventRounds "9"]
[EventType "swiss"]
[EventDate "2016.05.14"]

1. d4 Nf6 2. Nf3 e6 3. Bf4 c5 4. e3 Nc6 5. h3 Qb6 6. b3 cxd4 7. exd4 Nd5 8. Be3
Bb4+ 9. Nbd2 Bc3 10. Rb1 Nxd4 11. Bxd4 Bxd4 12. Ne4 Nc3 13. Nxc3 Bxf2+ 14. Kd2
Qe3# 0-1

[Event "ODJM B 2016"]
[Site "Willingen GER"]
[Date "2016.05.17"]
[Round "5"]
[White "Knerr, Sebastian"]
[Black "Oberhofer, Marie"]
[Result "0-1"]
[Termination "normal"]
[Board "5"]
[WhiteElo "1418"]
[BlackElo "1601"]
[PlyCount "124"]
[WhiteFideId "16266013"]
[BlackFideId "12938165"]
[EventCountry "GER"]
[EventRounds "9"]
[EventType "swiss"]
[EventDate "2016.05.14"]

1. e4 c5 2. c3 d5 3. exd5 Qxd5 4. d4 Nf6 5. dxc5 Qxd1+ 6. Kxd1 e5 7. Be3 Nd5 8.
b4 a5 9. Bd2 Be7 10. Bb5+ Nc6 11. Nf3 f6 12. a4 Be6 13. bxa5 Nc7 14. Na3 Bxc5
15. Ke2 Bxa3 16. Rxa3 Nxb5 17. axb5 Bc4+ 18. Ke3 Bxb5 19. Rb1 Ba6 20. Ne1 Rd8
21. c4 Rd7 22. Rc1 Rd4 23. Rb3 O-O 24. Nf3 Rd7 25. Ke2 Rfd8 26. Rb2 Nd4+ 27.
Nxd4 Rxd4 28. Ke1 R8d7 29. c5 Re4+ 30. Be3 f5 31. Rd1 Rxd1+ 32. Kxd1 Ra4 33.
Rc2 Rxa5 34. c6 Rd5+ 35. Rd2 Rxd2+ 36. Kxd2 bxc6 37. Kc3 Kf7 38. Kb4 Ke6 39. g3
Kd5 40. Kc3 Ke4 41. Kd2 f4 42. Bb6 Kd5 43. Bc7 fxg3 44. hxg3 e4 45. Bf4 c5 46.
Kc3 Bd3 47. Be3 c4 48. Bd4 g6 49. Be3 Ke5 50. Bf4+ Kf5 51. Kd4 g5 52. Bd2 h5
53. Ke3 Kg4 54. f3+ exf3 55. Kf2 h4 56. gxh4 gxh4 57. Kg1 Be2 58. Bb4 Kf5 59.
Be1 h3 60. Kh2 c3 61. Kxh3 c2 62. Bd2 f2 0-1

[Event "ODJM B 2016"]
[Site "Willingen GER"]
[Date "2016.05.17"]
[Round "5"]
[White "Arnold, Leander"]
[Black "Zimmer, Claudius"]
[Result "1-0"]
[Termination "normal"]
[Board "6"]
[WhiteElo "1618"]
[BlackElo "1395"]
[PlyCount "99"]
[WhiteFideId "12990230"]
[EventCountry "GER"]
[EventRounds "9"]
[EventType "swiss"]
[EventDate "2016.05.14"]

1. d4 d5 2. e3 e6 3. Bd3 Nf6 4. Nf3 c5 5. c3 Nc6 6. a3 Bd6 7. Nbd2 O-O 8. O-O
Qc7 9. dxc5 Bxc5 10. e4 h6 11. exd5 exd5 12. h3 Nh5 13. Nb3 Bb6 14. Nfd4 Nf4
15. Bb1 Qe5 16. Re1 Qf6 17. Re3 Bc7 18. Rf3 Bxh3 19. Bxf4 Bxg2 20. Bxc7 Bxf3
21. Qxf3 Nxd4 22. Qxf6 Ne2+ 23. Kf1 gxf6 24. Kxe2 Rfe8+ 25. Kf1 Re7 26. Bf4
Rae8 27. Bd3 Kg7 28. Nd4 Rd7 29. Bb5 Rdd8 30. Bxe8 Rxe8 31. Re1 Rxe1+ 32. Kxe1
Kg6 33. Nb5 h5 34. Nxa7 Kf5 35. Bg3 Kg4 36. Kf1 h4 37. Bd6 h3 38. Nb5 f5 39.
Bh2 f6 40. Nd6 b6 41. Nc8 Kf3 42. Nxb6 Ke4 43. Ke2 f4 44. f3+ Ke5 45. Kd3 f5
46. a4 Kd6 47. Kd4 Kc6 48. Nxd5 Kb7 49. Nxf4 Kb6 50. Nxh3 1-0

[Event "ODJM B 2016"]
[Site "Willingen GER"]
[Date "2016.05.17"]
[Round "5"]
[White "Straßburg, Robin Leonard"]
[Black "Schilay, Maria"]
[Result "1-0"]
[Termination "normal"]
[Board "7"]
[WhiteElo "1819"]
[BlackElo "1210"]
[PlyCount "83"]
[WhiteFideId "16210018"]
[BlackFideId "12942979"]
[EventCountry "GER"]
[EventRounds "9"]
[EventType "swiss"]
[EventDate "2016.05.14"]

1. d4 Nf6 2. c4 g6 3. Nc3 Bg7 4. e4 d6 5. f3 Nbd7 6. Be3 e5 7. d5 b6 8. Bd3 Bb7
9. Nge2 Nc5 10. Bc2 Qd7 11. Qd2 Rd8 12. Bh6 Rg8 13. Bxg7 Rxg7 14. Qg5 Qe7 15.
b4 Ncd7 16. h4 c6 17. Bb3 a6 18. a4 b5 19. cxb5 axb5 20. dxc6 Bxc6 21. a5 Ra8
22. Rc1 Ra6 23. Nxb5 Kd8 24. Na3 Bb7 25. Kf2 d5 26. Bxd5 Bxd5 27. exd5 Qxb4 28.
Rc6 Rxc6 29. dxc6 Qc5+ 30. Qe3 Qxe3+ 31. Kxe3 Nb8 32. Rc1 Kc7 33. Nb5+ Kc8 34.
c7 Nd5+ 35. Kf2 Nb4 36. Nd6+ Kd7 37. c8=Q+ Kxd6 38. Qxb8+ Ke6 39. Qxb4 Rg8 40.
Rc6+ Kd7 41. Qb7+ Kd8 42. Rc8# 1-0

[Event "ODJM B 2016"]
[Site "Willingen GER"]
[Date "2016.05.17"]
[Round "5"]
[White "Grone, Lion"]
[Black "Von Jan, Lena"]
[Result "0-1"]
[Termination "normal"]
[Board "8"]
[WhiteElo "1392"]
[BlackElo "1420"]
[PlyCount "54"]
[WhiteFideId "16245032"]
[BlackFideId "12946060"]
[EventCountry "GER"]
[EventRounds "9"]
[EventType "swiss"]
[EventDate "2016.05.14"]

1. e4 e5 2. Nf3 Nc6 3. Bb5 a6 4. Bxc6 dxc6 5. d4 exd4 6. Qxd4 Qxd4 7. Nxd4 Nf6
8. f3 Bc5 9. Be3 Bb6 10. O-O O-O 11. Nd2 Rd8 12. N2b3 Be6 13. Bf2 Bc4 14. Rfd1
Rd7 15. Rd2 Rad8 16. Rad1 c5 17. Nf5 Rxd2 18. Rxd2 Rxd2 19. Nxd2 Bxa2 20. b3
Ba5 21. Nc4 Bb4 22. Kf1 a5 23. Be1 a4 24. Bxb4 cxb4 25. Nd2 a3 26. Ne3 Bb1 27.
c4 a2 0-1

[Event "ODJM B 2016"]
[Site "Willingen GER"]
[Date "2016.05.17"]
[Round "5"]
[White "Fromm, Marius"]
[Black "Roth, Ludwig"]
[Result "1-0"]
[Termination "normal"]
[Board "9"]
[WhiteElo "1596"]
[BlackElo "1291"]
[PlyCount "83"]
[WhiteFideId "12993190"]
[BlackFideId "12952621"]
[EventCountry "GER"]
[EventRounds "9"]
[EventType "swiss"]
[EventDate "2016.05.14"]

1. Nf3 d5 2. g3 Nf6 3. Bg2 Bf5 4. O-O e6 5. b3 Bd6 6. Bb2 c5 7. e3 Nc6 8. d4
cxd4 9. Nxd4 Rc8 10. Nxf5 exf5 11. Bxd5 Nxd5 12. Qxd5 Nb4 13. Qxf5 Nxc2 14.
Bxg7 Rg8 15. Qxh7 Kd7 16. Nc3 Nxa1 17. Rxa1 Qe7 18. Nd5 Rxg7 19. Qxg7 Be5 20.
Qg4+ Qe6 21. Qxe6+ fxe6 22. Rd1 exd5 23. Rxd5+ Ke6 24. Rd2 Rc1+ 25. Kg2 Rc7 26.
h4 Kf6 27. f4 Ba1 28. g4 Rg7 29. Kf3 Bc3 30. Rh2 Ba5 31. g5+ Kf7 32. h5 Rg8 33.
h6 Kg6 34. Kg4 Bb6 35. f5+ Kf7 36. h7 Rh8 37. e4 Kg7 38. f6+ Kg6 39. Rh6+ Kf7
40. Kf5 Be3 41. g6+ Ke8 42. g7 1-0

[Event "ODJM B 2016"]
[Site "Willingen GER"]
[Date "2016.05.17"]
[Round "5"]
[White "Fuhrmann, Philipp"]
[Black "Seliokaite, Ana"]
[Result "1-0"]
[Termination "normal"]
[Board "10"]
[WhiteElo "1459"]
[BlackElo "1138"]
[PlyCount "75"]
[WhiteFideId "16227557"]
[BlackFideId "16224817"]
[EventCountry "GER"]
[EventRounds "9"]
[EventType "swiss"]
[EventDate "2016.05.14"]

1. e4 c5 2. Nf3 Nc6 3. d4 cxd4 4. Nxd4 g6 5. Nc3 Bg7 6. Be3 Nf6 7. Qd2 O-O 8.
Bd3 d5 9. exd5 Nxd5 10. Nxc6 bxc6 11. Bh6 Bb7 12. O-O Nxc3 13. bxc3 c5 14. Rad1
Qd5 15. f3 Qxa2 16. Bxg7 Kxg7 17. Qe3 Qe6 18. Qxc5 Qd6 19. Qb5 Rab8 20. Qa5
Qb6+ 21. Qxb6 axb6 22. Rb1 Bd5 23. c4 Be6 24. Rb4 f5 25. Rfb1 Kf6 26. Rxb6 Rxb6
27. Rxb6 Rc8 28. Kf2 Kf7 29. Rb4 g5 30. Ke3 Kf6 31. Kd4 Rd8+ 32. Kc3 Rc8 33.
Rb5 Rc6 34. Kb4 Bd7 35. Rc5 e6 36. Rxc6 Bxc6 37. Kc5 Ba4 38. Kd6 1-0

[Event "ODJM B 2016"]
[Site "Willingen GER"]
[Date "2016.05.17"]
[Round "5"]
[White "Zeng, Xiaoyang-Alex"]
[Black "Zwecker, Conrad"]
[Result "0-1"]
[Termination "normal"]
[Board "11"]
[WhiteElo "1357"]
[BlackElo "1430"]
[PlyCount "54"]
[BlackFideId "12971391"]
[EventCountry "GER"]
[EventRounds "9"]
[EventType "swiss"]
[EventDate "2016.05.14"]

1. d4 Nf6 2. Nc3 g6 3. Bf4 d6 4. f3 Bg7 5. Qd2 O-O 6. O-O-O Nbd7 7. Bh6 e5 8.
d5 Nc5 9. h4 Bd7 10. g4 b5 11. h5 b4 12. Nb1 a5 13. hxg6 fxg6 14. Bxg7 Kxg7 15.
Qh6+ Kg8 16. g5 Nh5 17. Bh3 Bxh3 18. Nxh3 a4 19. Nf2 b3 20. cxb3 axb3 21. a3
Qe7 22. Ng4 e4 23. Rxh5 gxh5 24. Nf6+ Kh8 25. Rh1 exf3 26. Qxh5 Rxf6 27. gxf6
Qe4 0-1

[Event "ODJM B 2016"]
[Site "Willingen GER"]
[Date "2016.05.17"]
[Round "5"]
[White "Rempe, Jonas"]
[Black "Leimbach, Tim Vincent"]
[Result "0-1"]
[Termination "normal"]
[Board "12"]
[WhiteElo "1245"]
[BlackElo "1640"]
[PlyCount "84"]
[WhiteFideId "16202406"]
[BlackFideId "12988600"]
[EventCountry "GER"]
[EventRounds "9"]
[EventType "swiss"]
[EventDate "2016.05.14"]

1. e4 c5 2. Nf3 Nc6 3. d4 cxd4 4. Nxd4 Qb6 5. Nb3 Nf6 6. Nc3 a6 7. Be3 Qc7 8.
Be2 e6 9. a3 Be7 10. Qd2 b5 11. O-O O-O 12. f3 Rd8 13. Qe1 d5 14. exd5 Nxd5 15.
Nxd5 Rxd5 16. Qf2 Bf6 17. c3 Bb7 18. Rad1 Rad8 19. Rxd5 Rxd5 20. Rd1 Qd7 21.
Nc5 Rxd1+ 22. Bxd1 Qxd1+ 23. Qf1 Qxf1+ 24. Kxf1 Bc8 25. Ke2 Kf8 26. Kd3 Ke7 27.
b3 Kd6 28. Ne4+ Kc7 29. Nxf6 gxf6 30. f4 e5 31. Bf2 Kd6 32. fxe5+ fxe5 33. c4
bxc4+ 34. bxc4 f5 35. g4 fxg4 36. Ke4 Ke6 37. c5 Bb7 38. Bg1 Bc8 39. Bf2 Bd7
40. Bg1 Be8 41. Bf2 Bg6+ 42. Ke3 Kd5 0-1

[Event "ODJM B 2016"]
[Site "Willingen GER"]
[Date "2016.05.17"]
[Round "5"]
[White "Lilienthal, Niels Bennett"]
[Black "Gloyer, Fabian"]
[Result "1-0"]
[Termination "normal"]
[Board "14"]
[WhiteElo "1558"]
[BlackElo "1386"]
[PlyCount "99"]
[WhiteFideId "16205421"]
[BlackFideId "16205944"]
[EventCountry "GER"]
[EventRounds "9"]
[EventType "swiss"]
[EventDate "2016.05.14"]

1. d4 d5 2. e3 Nf6 3. Bd3 e6 4. Nf3 Nbd7 5. Nbd2 Bd6 6. e4 dxe4 7. Nxe4 Nxe4 8.
Bxe4 Nf6 9. Bd3 O-O 10. O-O h6 11. c3 Re8 12. Qc2 Bd7 13. Bc4 c6 14. Re1 Qc7
15. Bd2 Nd5 16. Rad1 Re7 17. Bb3 Bf4 18. Qc1 Bxd2 19. Qxd2 Qf4 20. Ne5 Qxd2 21.
Rxd2 Kf8 22. Rde2 Rd8 23. g3 Nf6 24. f4 Ree8 25. Bc2 Bc8 26. Nc4 b6 27. Ne5 Bb7
28. Ba4 Rd6 29. Nd3 Ba6 30. Rd2 Bxd3 31. Rxd3 Red8 32. Rdd1 Ng4 33. h3 Nf6 34.
Kg2 b5 35. Bc2 c5 36. dxc5 Rxd1 37. Rxd1 Rxd1 38. Bxd1 Ne4 39. c6 Nd6 40. Kf2
Ke7 41. Bf3 Kd8 42. Ke2 Kc7 43. Kd3 f6 44. g4 Nf7 45. c4 bxc4+ 46. Kxc4 Nd8 47.
Kc5 e5 48. fxe5 fxe5 49. b4 a6 50. Bd5 1-0

[Event "ODJM B 2016"]
[Site "Willingen GER"]
[Date "2016.05.17"]
[Round "5"]
[White "Zell, Mirjam"]
[Black "Niemann, Leon"]
[Result "0-1"]
[Termination "normal"]
[Board "15"]
[WhiteElo "1677"]
[BlackElo "1421"]
[PlyCount "104"]
[WhiteFideId "16208544"]
[BlackFideId "16218388"]
[EventCountry "GER"]
[EventRounds "9"]
[EventType "swiss"]
[EventDate "2016.05.14"]

1. e4 c5 2. Nf3 Nc6 3. Bb5 g6 4. Bxc6 dxc6 5. d3 Bg7 6. h3 Nf6 7. O-O O-O 8.
Nc3 b6 9. a4 Bb7 10. Be3 Qc7 11. Nh2 Rfd8 12. Qe2 Rd7 13. a5 Rad8 14. Na4 Ra8
15. Rab1 Ba6 16. Nc3 Bb7 17. Ng4 Nxg4 18. Qxg4 Ba6 19. Rfd1 Rad8 20. Na4 Bb5
21. Nc3 c4 22. Nxb5 cxb5 23. dxc4 Rxd1+ 24. Rxd1 Rxd1+ 25. Qxd1 bxc4 26. axb6
axb6 27. Bd4 Qd7 28. e5 Bxe5 29. c3 Bxd4 30. Qxd4 Qxd4 31. cxd4 Kg7 32. Kf1 Kf6
33. Ke2 Ke6 34. Ke3 Kd5 35. f4 b5 36. g3 h5 37. g4 hxg4 38. hxg4 f5 39. g5 e6
40. Kd2 Kxd4 41. Kc2 b4 42. Kd2 c3+ 43. bxc3+ bxc3+ 44. Kc2 Ke4 45. Kxc3 Kxf4
46. Kd4 e5+ 47. Kd3 Kf3 48. Kd2 e4 49. Ke1 e3 50. Kf1 e2+ 51. Ke1 f4 52. Kd2
Kf2 0-1